000
00305nam a22001337a 4500
008
170130b xxu||||| |||| 00| 0 eng d
020
_a
2800071760500
041
_a
eng
080
_2
4TH
_a
618.2
100
_a
2
101
_a
SHMI
245
_a
FIRST AID FOR THE USMLE STEP 2 CS
_c
LE, TAO
942
_2
udc
_c
BK
999
_c
3973
_d
3973